| 000 | 00613cam a22002291 4500 | ||
|---|---|---|---|
| 001 | sa 68019866 | ||
| 003 | DLC | ||
| 005 | 20260227112720.0 | ||
| 008 | 890403s1968 xx 000 0 hinr | ||
| 010 | _asa 68019866 | ||
| 035 | _a(OCoLC)23560502 | ||
| 040 |
_aDLC _cMiU _dDLC |
||
| 042 | _apremarc | ||
| 043 | _aa-ii--- | ||
| 050 | 0 | 0 |
_aDS463 _b.S47 1968 |
| 100 | 1 | _aṬhākura, Keśavakumāra. | |
| 245 | 1 | 0 | _aBhārata meṃ Aṅgarejī rājya ke do sau varsha. |
| 260 |
_a[n.p.] _c1968. |
||
| 300 |
_a616 p. _c23 cm. |
||
| 500 | _aRomanized. | ||
| 651 | 0 |
_aIndia _xHistory _yBritish occupation, 1765-1947. |
|
| 999 |
_c89120 _d89120 |
||